|
|
|
|
| LEADER |
01048nam a22002657a 4500 |
| 001 |
41190 |
| 003 |
BD-DhAAL |
| 005 |
20230518103636.0 |
| 008 |
230515t2008 ko a|||| |||| 00| 0 kor d |
| 020 |
|
|
|a 9788950914967
|
| 040 |
|
|
|a BD-DhAAL
|d BD-DhAAL
|
| 082 |
|
|
|a 650.1
|
| 100 |
|
|
|a Jin-hong, Jeong
|9 54208
|
| 245 |
|
|
|a Meet Management in the Forest of Humanities /
|n Volume 2,
|c Jeong Jin-hong.
|
| 260 |
|
|
|a Seoul, korea :
|b 21 North 21st Century Books, Paju,
|c 2010.
|
| 300 |
|
|
|a 351 pages :
|b illustration ;
|c 23 cm.
|
| 504 |
|
|
|a Includes bibliographical references.
|
| 541 |
|
|
|a Complimentary copy from Dr. Sang Hoon Lee, Dean of Brac Business School, Brac University
|e 41190
|
| 650 |
|
|
|a Business.
|
| 650 |
|
|
|a Management.
|
| 650 |
|
|
|a Creative thinking.
|
| 852 |
|
|
|a Ayesha Abed Library
|c General Stacks
|
| 942 |
|
|
|2 ddc
|c BK
|
| 999 |
|
|
|c 45757
|d 45757
|
| 952 |
|
|
|0 0
|1 0
|2 ddc
|4 0
|6 650_100000000000000_JIN
|7 0
|9 73635
|a BRACUL
|b BRACUL
|c GEN
|d 2023-05-15
|e Complimentary copy from Dr. Sang Hoon Lee
|l 0
|o 650.1 JIN
|p 3010041190
|r 2023-05-15
|t 1
|w 2023-05-15
|y BK
|